00341nam a2200121Ia 4500008004100000040001600041041001200057082001600069100002400085245005400109260004100163300001500204230917s9999||||xx |||||||||||||| ||und|| e81687aMAIN aEnglish a372.21 S38E aSrivastava, Anand P 4aThe educational development of your child-a guide aNew DelhibLearning Laboratoryc1982 axi, 110 p.